000 00461nam a2200181Ia 4500
001 16966
005 20260306170350.0
008 260306t2016||||xx |||||||||||||| ||und||
041 _aESP
082 _a657.32
_bC214 T. 1
100 _aCajo Siguas, Juan
_eAUT
245 0 _aManual practico de las NIIF tratamiento contable tributario
260 _c2016
300 _a686 páginas :
_c25 cm.
650 _aGEN
654 _aCCO
942 _cLIB
_dJUS
_fJUS
_2ddc
_n
999 _c16966
_d16966